Bà Huyện Thanh Quan, Đoàn Thị Điểm, Nguyễn Gia Thiều Tuyển chọn và trích dẫn những bài phê bình bình luận văn học
vv
Đã lưu trong:
| Tác giả chính: | |
|---|---|
| Định dạng: | Sách |
| Năm xuất bản: |
Khánh Hòa:
Tổng hợp Khánh Hòa
1991
|
| Chủ đề: | |
| Tags: |
Thêm thẻ
Không có thẻ, Hãy là người đầu tiên gắn thẻ bản ghi này!
|
| LEADER | 00813nam a2200193 4500 | ||
|---|---|---|---|
| 082 | |a 895.9221009 |b B100h | ||
| 100 | |a Nguyễn Lộc | ||
| 245 | |a Bà Huyện Thanh Quan, Đoàn Thị Điểm, Nguyễn Gia Thiều |c Nguyễn Lộc, Hà Như Chi, Hoài Thanh,.. Vũ Tiến Quỳnh biên soạn |b Tuyển chọn và trích dẫn những bài phê bình bình luận văn học | ||
| 260 | |a Khánh Hòa: |b Tổng hợp Khánh Hòa |c 1991 | ||
| 300 | |a 115tr. |c 21cm | ||
| 520 | |a vv | ||
| 653 | |a Văn học | ||
| 653 | |a Việt Nam | ||
| 653 | |a Thơ | ||
| 653 | |a Phê bình văn học | ||
| 653 | |a Bình luận | ||
| 942 | |2 ddc |c SH | ||
| 999 | |c 4393 |d 4393 | ||
| 952 | |0 0 |1 0 |2 ddc |4 0 |6 895_922100900000000_B100H |7 0 |8 800 |9 43472 |a qbu |b qbu |c D5 |d 2014-12-19 |g 2900 |l 2 |m 1 |o 895.9221009 B100h |p 3833.C1 |r 2016-12-02 |s 2016-11-29 |w 2014-12-19 |y SH | ||